000 00770nam a2200229 i 4500
001 179830
003 ES-MaACL
005 20230926193331.0
008 120130s2009 sp aco |||| |dspa d
020 _a978-84-96576-98-8
080 _a791.43(73)(091)
100 1 _aComas, Ángel.
_9149252
245 1 4 _aLos fabulosos años del New Hollywood
_b: panorama de dos décadas de cine norteamericano (1964-83) /
_cÁngel Comas.
260 _aMadrid :
_bT&B,
_c2009.
300 _a413 p. :
_bil., fot. ;
_c24 cm.
500 _aÍndice onomástico.
504 _aBibliografía: p. 395-397.
650 _aCine-
_zEstados Unidos.
_9171050
852 _aES-MaACL
_jA-11944
_9186730
_bR.146945
_cDEPO1
_dOlim: N-4949
942 _2udc
_cMONOGRAFIA
999 _c179830
_d179830